Countries with Aircraft Carriers - Statistics

General Stats
  • This quiz has been taken 27 times
  • The average score is 11 of 17
Answers on the Grid
Answers color-coded by a green-red scale on the quiz's grid according to % correct below.
Argentina
Australia
Azerbaijan
Brazil
Canada
Chile
China
Egypt
France
Germany
Greece
India
Indonesia
Iran
Israel
Italy
Japan
Mexico
Netherlands
New Zealand
North Korea
Pakistan
Poland
Portugal
Russia
Saudi Arabia
South Korea
Spain
Sweden
Thailand
Turkey
Ukraine
United Kingdom
United States
Venezuela
Vietnam
 
Answer Stats
Answer % Correct
China
93%
United Kingdom
93%
United States
93%
India
87%
Russia
80%
Australia
73%
France
73%
Germany
73%
Japan
73%
Brazil
60%
Italy
60%
Canada
53%
Spain
47%
Turkey
33%
Argentina
27%
Thailand
27%
Netherlands
7%
No matching quizzes found
Score Distribution
Percent of People with Each Score
Percentile by Number Answered
Your Score History
You have not taken this quiz